Μαθήματα βάσεων δεδομένων

Αποθηκεύτηκε σε:
Λεπτομέρειες βιβλιογραφικής εγγραφής
Κύριος συγγραφέας: Δερβός, Δημήτρης Α.
Μορφή: Βιβλίο
Γλώσσα:Greek
Δημοσίευση: [Θεσσαλονίκη] : Α. Τζιόλας, [1995;]
Θέματα:
Ετικέτες: Προσθήκη ετικέτας
Δεν υπάρχουν, Καταχωρήστε ετικέτα πρώτοι!

MARC

LEADER 00000cam a2200000 i 4500
001 1/45073
008 020401s1995 gre d
020 |a 960-7219-38-4 (τ.1) 
020 |a 960-7219-37-6 (set) 
035 |l 10071662 
040 |a GR-MY-UA  |b gre  |e aacr 
041 0 |a gre 
082 0 |a 005.74  |2 (21) 
100 1 |a Δερβός, Δημήτρης Α. 
245 1 0 |a Μαθήματα βάσεων δεδομένων /  |c Δημήτρης Αχιλ. Δέρβος 
260 |a [Θεσσαλονίκη] :   |b Α. Τζιόλας,   |c [1995;] 
300 |a τ.1 (240 σ.);  |b εικ.;  |c 24 εκ. 
504 |a Περιλαμβάνει βιβλιογραφία και ευρετήριο 
650 0 0 |a Database management. 
852 |a INST  |b CHIOS  |e 20020401  |h 005.74 ΔΕΡ  |p 005200019864  |q 005200019864  |t BK  |y 0  |z τ.1 
852 |a INST  |b CHIOS  |e 20100224  |h 005.74 ΔΕΡ  |p 005200029768  |q 005200029768  |t BK  |y 0  |z τ.1 
852 |a INST  |b CHIOS  |e 20090824  |h 005.74 ΔΕΡ  |p 005200029933  |q 005200029933  |t BK  |y 0  |z τ.1 
852 |a INST  |b CHIOS  |e 20090824  |h 005.74 ΔΕΡ  |p 005200029934  |q 005200029934  |t BK  |y 0  |z τ.1 
852 |a INST  |b CHIOS  |e 20020401  |h 005.74 ΔΕΡ  |p 005200019864  |q 005200019864  |t BK  |v τ.1:  |y 0  |z τ.1 
852 |a INST  |b CHIOS  |e 20100224  |h 005.74 ΔΕΡ  |p 005200029768  |q 005200029768  |t BK  |v τ.1:  |y 0  |z τ.1 
852 |a INST  |b CHIOS  |e 20090824  |h 005.74 ΔΕΡ  |p 005200029933  |q 005200029933  |t BK  |v τ.1:  |y 0  |z τ.1 
852 |a INST  |b CHIOS  |e 20090824  |h 005.74 ΔΕΡ  |p 005200029934  |q 005200029934  |t BK  |v τ.1:  |y 0  |z τ.1 
852 |a INST  |b CHIOS  |c EUDOXUS  |e 20130424  |h 005.74 ΔΕΡ  |p 005200035387  |q 005200035387  |t EDX  |y 0  |z τ.1 
852 |a INST  |b CHIOS  |c EUDOXUS  |e 20130424  |h 005.74 ΔΕΡ  |p 005200035387  |q 005200035387  |t EDX  |v τ.1:  |y 0  |z τ.1 
852 |a INST  |b SYROS  |e 20031119  |h 005.74 ΔΕΡ  |p 005500003155  |q 005500003155  |t BK  |y 0  |z τ.1 
852 |a INST  |b SYROS  |e 20031119  |h 005.74 ΔΕΡ  |p 005500003155  |q 005500003155  |t BK  |v τ.1:  |y 0  |z τ.1 
853 |a INST  |b CHIOS  |h 005.74 ΔΕΡ 
853 |a INST  |b CHIOS  |c EUDOXUS  |h 005.74 ΔΕΡ 
853 |a INST  |b SYROS  |h 005.74 ΔΕΡ 
901 |a BIBL5-2003-3 
901 |a BIBL2-2002-1 
901 |a BIBL2-2009-2 
901 |a BIBL2-2010-1 
901 |a BIBL2-2013-1 
909 |a Ε  |b 106573 
909 |a Χ  |b 099891 
909 |a Χ  |b 147726 
909 |a Χ  |b 147727 
909 |a Χ  |b 147883 
909 |a Χ  |b 175509 
920 |a ΤΜΟΔ  |y ΧΙΟΣ  |z 2009-07 
920 |a ΦΟΙΤΗΤΙΚΗ ΜΕΡΙΜΝΑ  |y ΧΙΟΣ  |z 2009-07 
920 |a ΕΥΔΟΞΟΣ  |b ΔΩΡΕΑ  |y ΧΙΟΣ  |z 2013-04 
922 |a 5ΕΛΗ  |b 200309  |c ΤΜΣΠΣ  |d ΠΑΠΑΣΩΤΗΡΙΟΥ 
950 |a 183-2003-09-09 
970 |a ΣΠΕΝΤΖΑ  |b ΕΛΕΝΗ  |z 2002/04/01